[Event "13th EICC"]
[Site "Plovdiv BUL"]
[Date "2012.03.31"]
[Round "11.152"]
[White "Cherednichenko, Svetlana"]
[Black "Rigopoulos-Tsigkos, Alexandros"]
[Result "1-0"]
[WhiteTitle "WGM"]
[WhiteElo "2279"]
[BlackElo "2095"]
[WhiteFideId "14105551"]
[BlackFideId "4215109"]
[EventDate "2012.03.20"]
[EventType "swiss"]

1. d4 Nf6 2. Nf3 e6 3. e3 c5 4. Bd3 b6 5. O-O Bb7 6. Nbd2 Qc7 7. b3 Be7 8. Bb2
d6 9. c4 Nbd7 10. Rc1 a6 11. Qe2 O-O 12. Ng5 h6 13. Nh3 Qc6 14. f4 d5 15. f5
dxc4 16. bxc4 exf5 17. d5 Qd6 18. Rxf5 g6 19. Rff1 Ne5 20. Bxe5 Qxe5 21. Nf3 Qb8
22. e4 b5 23. e5 bxc4 24. exf6 cxd3 25. Qxe7 Bxd5 26. Qe3 Qd6 27. Qxd3 Rfd8 28.
Qc3 Bxa2 29. Nf2 Qf4 30. Rce1 Bd5 31. Nd3 Qg4 32. Nde5 Qh5 33. h4 Qf5 34. Ng5
Qc8 35. Ngxf7 Bxf7 36. Nxf7 Kxf7 37. Qc4+ Kf8 38. Re7 1-0

[Event "13th EICC"]
[Site "Plovdiv BUL"]
[Date "2012.03.31"]
[Round "11.153"]
[White "Bach, Adrian-Kalman"]
[Black "Balokas, Dimitrios"]
[Result "1/2-1/2"]
[WhiteTitle "FM"]
[WhiteElo "2264"]
[BlackElo "2080"]
[WhiteFideId "1201107"]
[BlackFideId "4216920"]
[EventDate "2012.03.20"]
[EventType "swiss"]

1. e4 c5 2. Nf3 e6 3. d4 cxd4 4. Nxd4 Nc6 5. Nb5 d6 6. c4 Nf6 7. N5c3 Be7 8. Be2
O-O 9. O-O b6 10. f4 Bb7 11. Bf3 Qc7 12. b3 Rac8 13. a3 Nb8 14. Ra2 Nbd7 15. Re2
a6 16. a4 Qb8 17. g4 Qa8 18. g5 Ne8 19. Bg4 Nc5 20. Rfe1 Bd8 21. Bb2 b5 22. axb5
axb5 23. cxb5 Bb6 24. Kg2 f5 25. gxf6 Nxf6 26. Kg3 Nxg4 27. Kxg4 d5 28. exd5
exd5 29. Re7 Rf6 30. Rxb7 Qxb7 31. Qxd5+ Rf7 32. Qxb7 Rxb7 33. Nd5 Nd3 34. Re7
Rcb8 35. Ba3 Bc5 36. Bxc5 Nxc5 37. b4 Na4 38. Re5 Rxb5 39. Na3 Rxd5 40. Rxd5
Rxb4 1/2-1/2

[Event "13th EICC"]
[Site "Plovdiv BUL"]
[Date "2012.03.31"]
[Round "11.159"]
[White "Todorov, Yavor"]
[Black "Mogilarov, Dimitar"]
[Result "0-1"]
[WhiteElo "2029"]
[BlackElo "2147"]
[WhiteFideId "2911540"]
[BlackFideId "2905248"]
[EventDate "2012.03.20"]
[EventType "swiss"]

1. d4 Nf6 2. c4 c5 3. d5 e6 4. Nc3 exd5 5. cxd5 d6 6. e4 g6 7. Bd3 Bg7 8. Nge2
O-O 9. O-O Re8 10. Ng3 Nbd7 11. f4 a6 12. a4 c4 13. Bc2 Nc5 14. h3 Rb8 15. Qf3
b5 16. axb5 axb5 17. Be3 Nfd7 18. Rae1 b4 19. Nd1 Ba6 20. Rf2 Qa5 21. Bd2 Qa2
22. e5 dxe5 23. Ne4 Nxe4 24. Bxe4 f5 25. Bxf5 gxf5 26. fxe5 Nxe5 27. Qxf5 Bc8
28. Qh5 Bd7 29. Rxe5 Bxe5 30. Rf7 Qb1 31. Rxd7 Qg6 32. Qh4 c3 33. bxc3 bxc3 34.
Nxc3 Bg3 35. Qc4 Qb6+ 36. Kh1 Qb1+ 37. Nxb1 Rxb1+ 38. Bc1 Re1+ 0-1

[Event "13th EICC"]
[Site "Plovdiv BUL"]
[Date "2012.03.31"]
[Round "11.161"]
[White "Porfireanu, Serban"]
[Black "Berman, Mark"]
[Result "0-1"]
[WhiteElo "1892"]
[BlackElo "2129"]
[WhiteFideId "1208632"]
[BlackFideId "2806665"]
[EventDate "2012.03.20"]
[EventType "swiss"]

1. Nf3 Nf6 2. g3 g6 3. Bg2 Bg7 4. O-O O-O 5. d4 d5 6. c4 c6 7. cxd5 Nxd5 8. Nc3
Nb6 9. h3 Na6 10. Bf4 Be6 11. Rc1 Nd5 12. Nxd5 Bxd5 13. Qa4 Nc7 14. Qc2 Ne6 15.
e4 Nxf4 16. gxf4 Be6 17. Rcd1 Qa5 18. Rd3 Bh6 19. Ng5 Bxg5 20. fxg5 Qxg5 21. Rg3
Qf4 22. Qe2 Rad8 23. Rd1 Rd7 24. Rf3 Qh4 25. Rdd3 Bc4 26. Qe3 Bxd3 27. Qxd3 e5
28. d5 cxd5 29. exd5 e4 30. Qd4 Rxd5 31. Qb4 a5 32. Qc4 Rd1+ 33. Bf1 b5 34. Qe2
Rxf1+ 0-1

[Event "13th EICC"]
[Site "Plovdiv BUL"]
[Date "2012.03.31"]
[Round "11.162"]
[White "Meyes, Richard"]
[Black "Andok, Claus Michael"]
[Result "1/2-1/2"]
[WhiteElo "1786"]
[BlackElo "2116"]
[WhiteFideId "12932833"]
[BlackFideId "24602000"]
[EventDate "2012.03.20"]
[EventType "swiss"]

1. Nf3 b6 2. d4 e6 3. g3 Bb7 4. Bg2 Nf6 5. O-O h6 6. c4 d5 7. Ne5 Bd6 8. Qa4+ c6
9. cxd5 exd5 10. Nd3 O-O 11. Bf4 Re8 12. e3 Bf8 13. h3 a5 14. Rc1 Nbd7 15. Nc3
Kh8 16. g4 Kg8 17. Bh2 Kh8 18. Qc2 Kg8 19. Nf4 b5 20. Nd3 Rc8 21. a3 Ra8 22. Ne2
Qb6 23. Ng3 b4 24. Nf5 b3 25. Qc3 Red8 26. Nd6 Ba6 27. Nc5 Bxd6 28. Bxd6 Bc4 29.
Bf1 Bxf1 30. Rxf1 Nxc5 31. Bxc5 Qb7 32. Rac1 Ne4 33. Qd3 Qa6 34. Qxa6 Rxa6 35.
Rfd1 Re8 36. a4 Nxc5 37. Rxc5 Rb8 38. Rdc1 Rb4 39. Rxc6 Rxc6 40. Rxc6 Rxa4 41.
Rc8+ Kh7 42. Rc5 Ra2 43. Kg2 a4 44. Ra5 Ra1 45. Rb5 Ra2 46. Rb4 1/2-1/2

[Event "13th EICC"]
[Site "Plovdiv BUL"]
[Date "2012.03.31"]
[Round "11.163"]
[White "Khelaia, Giorgi"]
[Black "Mihopoulos, Konstantinos"]
[Result "0-1"]
[WhiteElo "2080"]
[BlackElo "1951"]
[WhiteFideId "13604600"]
[BlackFideId "4217110"]
[EventDate "2012.03.20"]
[EventType "swiss"]

1. e4 c5 2. Nf3 Nc6 3. d4 cxd4 4. c3 Nf6 5. e5 Nd5 6. cxd4 e6 7. Nc3 Nxc3 8.
bxc3 d5 9. Bd3 Bd7 10. O-O Na5 11. Ng5 g6 12. f4 Qc7 13. Rb1 h6 14. Nf3 Qxc3 15.
Rf2 Qc7 16. Rc2 Nc4 17. Rf2 b5 18. g4 O-O-O 19. f5 gxf5 20. gxf5 Rg8+ 21. Kh1
Bc6 22. a4 b4 23. f6 a5 24. Bf4 Kb8 25. h3 Rc8 26. Kh2 Qd7 27. Ra2 Ka7 28. Nd2
Na3 29. Rba1 Bxa4 30. Nb3 Rc3 0-1

[Event "13th EICC"]
[Site "Plovdiv BUL"]
[Date "2012.03.31"]
[Round "11.165"]
[White "Slavov, Hristo"]
[Black "Vdovenko, Volodymyr"]
[Result "1-0"]
[WhiteElo "1812"]
[BlackElo "1784"]
[WhiteFideId "2911345"]
[BlackFideId "14110938"]
[EventDate "2012.03.20"]
[EventType "swiss"]

1. d4 d6 2. e4 g6 3. Bc4 Bg7 4. h3 Nc6 5. Nf3 h6 6. Bf4 e6 7. c3 a6 8. a4 g5 9.
Bg3 Nf6 10. Qe2 Nh5 11. Bh2 Qe7 12. Na3 Bd7 13. O-O-O Nf4 14. Bxf4 gxf4 15. Bb3
Na5 16. Bc2 h5 17. Rhe1 h4 18. d5 e5 19. b4 b5 20. bxa5 bxa4 21. Qc4 O-O 22.
Bxa4 Bxa4 23. Qxa4 Rfb8 24. Re2 f5 25. Qc6 fxe4 26. Rxe4 Bf6 27. Nh2 Bg5 28. f3
Qd8 29. Rd2 Rb3 30. Nc2 Qc8 31. Nb4 Rb8 32. Kc2 Ra3 33. Qc4 Rb5 34. Nc6 Qb7 35.
Nb4 Raxa5 36. Qd3 Qb6 37. Ng4 Ra1 38. Rc4 Kg7 39. Qf5 Be7 40. Qd7 Kf7 41. Rxc7 1-0